000
00274nam a2200121Ia 4500
008
190216s9999||||xx |||||||||||||| ||und||
100
_a
Vasudevan Nair M T
245
0
_a
Arabipponnu
260
_b
Dc Books
_c
1990
300
_a
413p
650
_a
Malayalam Novel
942
_c
BK
999
_c
27353
_d
27353